Perceptual development in children / (Record no. 66214)
[ view plain ]
| 000 -LEADER | |
|---|---|
| fixed length control field | 00810nam a2200253 a 4500 |
| 001 - CONTROL NUMBER | |
| control field | 66214 |
| 003 - CONTROL NUMBER IDENTIFIER | |
| rucl marc code | BD-RjUL |
| 005 - DATE AND TIME OF LATEST TRANSACTION | |
| control field | 20211209081519.0 |
| 008 - FIXED-LENGTH DATA ELEMENTS--GENERAL INFORMATION | |
| fixed length control field | 170315s1966 nyua b 001 0 eng |
| 035 ## - SYSTEM CONTROL NUMBER | |
| System control number | (BD-RjUL)66344 |
| System control number | 526953 |
| 040 ## - CATALOGING SOURCE | |
| Original cataloging agency | LC |
| Language of cataloging | eng |
| Transcribing agency | LC |
| Modifying agency | BD-RjUL |
| 041 ## - LANGUAGE CODE | |
| Language code of text/sound track or separate title | eng |
| 082 04 - DEWEY DECIMAL CLASSIFICATION NUMBER | |
| Classification number | 155.41 |
| Edition number | 23 |
| Author mark and year | PER 1966 |
| 245 00 - TITLE STATEMENT | |
| Title | Perceptual development in children / |
| Statement of responsibility, etc. | edited by Aline H. Kidd and Jeanne L. Rivoire. |
| 260 ## - PUBLICATION, DISTRIBUTION, ETC. (IMPRINT) | |
| Place of publication, distribution, etc. | New York : |
| Name of publisher, distributor, etc. | International Universities Press, |
| Date of publication, distribution, etc. | 1966. |
| 300 ## - PHYSICAL DESCRIPTION | |
| Pagination | xix, 548 p. : |
| Illustrations | ill. ; |
| Size | 24 cm. |
| 504 ## - BIBLIOGRAPHY, ETC. NOTE | |
| Bibliography, etc | Includes bibliographies. |
| 650 #0 - SUBJECT ADDED ENTRY--TOPICAL TERM | |
| Topical term or geographic name as entry element | Perception in children. |
| 9 (RLIN) | 195932 |
| Topical term or geographic name as entry element | Perception |
| General subdivision | In infancy & childhood. |
| 9 (RLIN) | 195933 |
| 700 1# - ADDED ENTRY--PERSONAL NAME | |
| Personal name | Kidd, Aline H., |
| Dates associated with a name | 1922- |
| Personal name | Rivoire, Jeanne L., |
| Dates associated with a name | 1926- |
| 942 ## - ADDED ENTRY ELEMENTS (KOHA) | |
| Source of classification or shelving scheme | Dewey Decimal Classification |
| Koha item type | Books |
| Lost status | Source of classification or shelving scheme | Damaged status | Not for loan | Collection code | Permanent Location | Current Location | Shelving location | Date acquired | Total Checkouts | Full call number | Date last seen | Copy number | Koha item type |
|---|---|---|---|---|---|---|---|---|---|---|---|---|---|
| Dewey Decimal Classification | Not For Loan | Non-fiction | Central Library, University of Rajshahi | Central Library, University of Rajshahi | Reading Room | 30/06/1996 | 155.41 PER 1966 | 15/03/2017 | C-1 | Books |